| 000 | 01157nam0a22002531i 4500 | ||
|---|---|---|---|
| 001 | rc\4708138 | ||
| 005 | 20240726045936.0 | ||
| 021 |
_aRU _b[68-4052] |
||
| 035 | _a(NLR Aleph) 008722474 | ||
| 090 |
_a9426487 _c9426487 |
||
| 100 | _a20130416d1967 |||y0rusy50 ca | ||
| 101 | 0 | _arus | |
| 102 | _aRU | ||
| 105 | _ay d ||||| | ||
| 200 | 1 |
_aМатериалы к вопросу о биологическом действии высокодисперсного аморфного аэрогеля кремнезема _e№ 764 - патол. анатомия _eАвтореферат дис. на соискание учен. степени д-ра мед. наук _fКаз. гос. мед. ин-т им. С.В. Курашова |
|
| 210 |
_aКазань _d1967 |
||
| 215 | _a29 с. | ||
| 320 | _aСписок работ авт.: с. 28-29 (12 назв.) | ||
| 606 |
_aКремний и его производные _xПроизводство _xБолезни и профболезни работающих _2psbo |
||
| 700 | 1 |
_aСунаргулов _bТ.С. |
|
| 801 | 0 |
_aRU _bNLR _gpsbo |
|
| 801 | 1 |
_aRU _bELAR _2rusmarc |
|
| 852 |
_aNLR _j68-4/4308 |
||
| 942 | _cBOOK | ||